=LDR 00000nam 2200000 4500 =001 INLIS000000000047613 =005 20200212111328 =035 ##$$a 0010-021600000000001 =008 200212################g##########0#ind## =020 ##$$a 978.979.1090.28-5 =040 ##$$a NBPDMAT =082 ##$$a 005.369 =090 ##$$a 005.369$bAch w =100 ##$$a Achmad Darmal =245 1#$$a War of the worms /$c Achmad Darmal =260 ##$$a [ s.l ] :$b Jasacom,$c 2009 =300 ##$$a x, 288 hlm. : $b ilus. ; $c 19 x 23 cm =650 #4$$a Program Komputer-Worm =850 ##$$a NBPDMAT =084 ##$$a 005.369 ACH w =250 ##$$a Cet. 1 =990 ##$$a 51500592